000 00703nam a2200229Ia 4500
003 GCL
008 140319s9999 xx 000 0 ara d
040 _aGCL /
_cGCL
082 0 4 _a322.4
_bم ا
100 1 _aمحمد الطويل
245 1 0 _aالاخوان فى البرلمان: ط2 /
_cمحمد الطويل
260 _a[S.N] :
_bدار التوزيع والنشر الاسلامية ،
_c1994
300 _a336 ص
490 _a
650 0 4 _aمصر
650 0 4 _aالانتخابات
650 0 4 _aمجلس الشعب
650 0 4 _aالامتيازات والحصانة
650 0 4 _aالاعضاء والانسجة
650 0 4 _aالاخوان المسلمون
942 _2ddc
_cBK
999 _c34753
_d34753